Z - The warning (All Lyrics) - Statistics

General Stats
  • This quiz has been taken 23 times
  • The average score is 122 of 156
Answer Stats
Answer % Correct
bitter
100%
friend
100%
happily
100%
I
100%
it
100%
it's
100%
its
100%
love
100%
me
100%
mine
100%
of
100%
over
100%
tasting
100%
the
100%
time
100%
time?
100%
you
100%
your
100%
better
91%
'cause
91%
coming
91%
dear
91%
for
91%
hands
91%
is
91%
loneliness
91%
out
91%
pull
91%
trigger
91%
truth
91%
understand
91%
wash
91%
watch
91%
back
82%
good
82%
kitchen
82%
meanly
82%
savior
82%
that
82%
they
82%
true
82%
knife
73%
sell
73%
we
73%
all
64%
here's
64%
not
64%
rarely
64%
star
64%
this
64%
tide
64%
who
64%
will
64%
Aid
55%
behavior
55%
destroy
55%
kids
55%
Kool
55%
one
55%
revolutionary
55%
should
55%
should!
55%
think
55%
wear
55%
blindfold
45%
drink
45%
happiness
45%
kill
45%
like
45%
once?
45%
prayer
45%
to
45%
wished
45%
disappointing
36%
lowly
36%
traitor
36%
used
36%
we're
36%
fall
27%
how
27%
raw
27%
Yeah!
18%
No matching quizzes found
Score Distribution
Percent of People with Each Score
Percentile by Number Answered
Your Score History
You have not taken this quiz